| 000 | 00930cam a2200349 a 4500 | ||
|---|---|---|---|
| 001 | 3113304 | ||
| 003 | OSt | ||
| 005 | 20220924082737.0 | ||
| 008 | 040622s2003 ph a 000 0 eng | ||
| 020 | _a9715131700 | ||
| 040 |
_aANL _beng |
||
| 043 | _aa-ph--- | ||
| 050 |
_aRT 98 _b.P153 2003 |
||
| 100 | 1 | _aCastro-Palagans, Erlinda. | |
| 245 | 1 | 0 |
_aHealth care practice in the community / _cErlinda Castro-Palagans. |
| 250 | _a1st ed. | ||
| 260 |
_aManilla : _bEducational Publishing House, _c2003. |
||
| 300 |
_a453 p. : _bill. ; _c28 cm. |
||
| 526 | _c | ||
| 562 | _eFor Circulation. 8 copy available in the collection | ||
| 650 | 0 |
_aCommunity health services _zPhilippines. |
|
| 650 | 0 |
_aPublic health _zPhilippines. |
|
| 942 |
_2lcc _cBK _kLOC |
||
| 999 |
_c18273 _d18273 |
||